| Tag |
First Indicator |
Second Indicator |
Subfields |
| LEADER |
00000cam a22000001a 4500 |
| 001 |
in00003367513 |
| 006 |
m d f |
| 007 |
cr bn mmmapmmp |
| 008 |
100727s2001 dcu o f000 0 eng d |
| 005 |
20260430145049.0 |
| 035 |
|
|
|a cis2007897530
|
| 040 |
|
|
|a ProQuest
|c ProQuest
|d UtOrBLW
|
| 043 |
|
|
|a n-us---
|
| 099 |
|
|
|a CRS-2001-RSI-0095
|
| 110 |
2 |
|
|a Library of Congress.
|b Congressional Research Service.
|
| 245 |
1 |
0 |
|a Pesticide Residue Regulation :
|b Analysis of Food Quality Protection Act Implementation.
|
| 264 |
|
1 |
|a [Place of publication not identified] :
|b [publisher not identified],
|c 2001.
|
| 300 |
|
|
|a 1 online resource.
|
| 336 |
|
|
|a text
|b txt
|2 rdacontent
|
| 337 |
|
|
|a computer
|b c
|2 rdamedia
|
| 338 |
|
|
|a online resource
|b cr
|2 rdacarrier
|
| 500 |
|
|
|a Record is based on bibliographic data in ProQuest U.S. Congressional Research Digital Collection (last viewed July 2010). Reuse except for individual research requires license from ProQuest, LLC.
|
| 500 |
|
|
|a CRS Report.
|
| 520 |
|
|
|a Describes provisions of the Food Quality Protection Act (FQPA) of 1996, which regulate pesticide registration to ensure that pesticides approved for use on food leave only safe residues. Outlines role of EPA in implementing FQPA, stakeholder involvement in pesticide regulations, and food tolerances for organophosphate pesticide residues.
|
| 500 |
|
|
|a Electronic resource.
|
| 650 |
|
0 |
|a Administrative law.
|
| 650 |
|
0 |
|a Pesticides.
|
| 650 |
|
0 |
|a Food adulteration and inspection.
|
| 655 |
|
7 |
|a Electronic books.
|2 local
|
| 710 |
2 |
|
|a ProQuest (Firm)
|
| 776 |
0 |
8 |
|i Microfiche version:
|a Library of Congress. Congressional Research Service.
|t Pesticide Residue Regulation
|
| 830 |
|
0 |
|a U.S. Congressional Research.
|
| 856 |
4 |
0 |
|u http://proxy.library.tamu.edu/login?url=https://congressional.proquest.com/congcomp/getdoc?CRDC-ID=CRS-2001-RSI-0095
|z Connect to the full text of this electronic book
|t 0
|
| 999 |
|
|
|a MARS
|
| 999 |
f |
f |
|s 579fec9e-fc59-3262-a36a-88e7948da7d4
|i 4d1b78c7-8077-3e2e-b73b-3c3eabef00f6
|t 0
|
| 952 |
f |
f |
|a Texas A&M University
|b College Station
|c Electronic Resources
|s www_evans
|d Available Online
|t 0
|e CRS-2001-RSI-0095
|h Other scheme
|
| 998 |
f |
f |
|a CRS-2001-RSI-0095
|t 0
|l Available Online
|